Statistics for Fill in the Lyrics (2010s Edition)

Click here to take the quiz!

General Stats

  • This quiz has been taken 40 times
  • The average score is 5 of 10

Answer Stats

LyricsAnswer% Correct
Hey I just met you/ And this is crazy/ But here's my number/ So ____ __ _____Call Me Maybe
97%
_____ ____ is in the house tonight/ Everybody just have a good timeParty Rock
65%
She's up all night for good fun/ I'm up all night to ___ _____Get Lucky
62%
My universe will never be the same/ I'm ____ ___ ____Glad You Came
47%
'Cause baby tonight/ __ ___ __ ______ __ ____ againDJ Got Us Falling In Love
47%
My ______ _ ______/ It beats for you so listen closeHeart's a Stereo
44%
I don't need to try and control you/ Look into my eyes and I'll own you/ With them _____ ____ ______Moves Like Jagger
38%
Going on you with the pick n roll/ Young LaFlame he in _____ ____Sicko Mode
32%
I'm beginning to feel like a ___ ___Rap God
24%
Don't stop/ Make it pop/ DJ, ____ _____ ________ __Blow Those Speakers Up
3%

Score Distribution

Percentile by Number Answered

Percent of People with Each Score

Your Score History

You have not taken this quiz